| 000 | 00409nam a2200157Ia 4500 | ||
|---|---|---|---|
| 001 | 18549 | ||
| 003 | IN-NITTTR | ||
| 005 | 20251114233216.0 | ||
| 008 | 251113s9999||||xx |||||||||||||| ||eng|| | ||
| 040 | _beng | ||
| 040 | _cIN-NITTTR | ||
| 041 | _aeng | ||
| 082 | _a051 U7 | ||
| 245 | 0 |
_aUlrich's international periodicals directory 1988- 89 : _b now including irregular serials & annuals. / |
|
| 942 |
_2ddc _cBK |
||
| 999 |
_c21183 _d21183 |
||